00486nam a2200193 a 4500001001300000003000900013005001700022008004100039020002300080082001800103100001600121245002100137260003900158300000900197500003500206505001000241650002500251700001600276nice12345678IN_TiNIC20260116013231.0050524s1965 dela grp 000 0 eng  a8120866 c50000a954.0072bSIR aSircar, D C aIndian Epigraphy aDelhi bMotilal Banarsidass c1965 a475p aincludes index and biblioraphy2 aIndex aIndia-Historiography1 aSircar, D C